Cassell's beyond the dictionary in Spanish (Record no. 389157)

MARC details
000 -LEADER
fixed length control field 00668nam a2200241Ia 4500
003 - CONTROL NUMBER IDENTIFIER
control field OSt
005 - DATE AND TIME OF LATEST TRANSACTION
control field 20220924113057.0
008 - FIXED-LENGTH DATA ELEMENTS--GENERAL INFORMATION
fixed length control field 220923b |||||||| |||| 00| 0 eng d
037 ## - SOURCE OF ACQUISITION
Terms of availability Dictionary
040 ## - CATALOGING SOURCE
Original cataloging agency ARTS
Transcribing agency ARTS
Language of cataloging eng
041 ## - LANGUAGE CODE
Source of code eng
Language code of text/sound track or separate title eng
100 ## - MAIN ENTRY--PERSONAL NAME
Personal name Gerrard A B
9 (RLIN) 169420
245 #0 - TITLE STATEMENT
Title Cassell's beyond the dictionary in Spanish
Remainder of title A handbook of everyday usage
260 ## - PUBLICATION, DISTRIBUTION, ETC.
Place of publication, distribution, etc. N
Name of publisher, distributor, etc. York Funk
Date of publication, distribution, etc. 1973
300 ## - PHYSICAL DESCRIPTION
Extent xxi, 226p.
Dimensions cm.
650 ## - SUBJECT ADDED ENTRY--TOPICAL TERM
Topical term or geographic name entry element LINGUISTICS
942 ## - ADDED ENTRY ELEMENTS (KOHA)
Classification part P123k, 111L3
Koha item type
Source of classification or shelving scheme
Holdings
Withdrawn status Lost status Damaged status Not for loan Home library Current library Date acquired Total Checkouts Full call number Barcode Date last seen Price effective from Koha item type
        Arts Library Arts Library 2022-09-24   P123k 111L3 AL0515020 2022-09-24 2022-09-24  
Copyright @ Delhi University Library System